书目信息 |
| 题名: |
我的教育信条
|
|
| 作者: | 杜威 著 ;罗德红 , 杨小微 编译 | |
| 分册: | ||
| 出版信息: | 上海 华东师范大学出版社 2015 |
|
| 页数: | 230页 | |
| 开本: | 22cm | |
| 丛书名: | ||
| 单 册: | ||
| 中图分类: | G40-097.12 , G40 | |
| 科图分类: | ||
| 主题词: | ||
| 电子资源: | ||
| ISBN: | 978-7-5675-3041-6 | |
| 000 | 01094nam0 2200265 450 | |
| 001 | 2137649973 | |
| 005 | 20211114102737.80 | |
| 010 | @a978-7-5675-3041-6@dCNY35.00 | |
| 100 | @a20150712d2015 em y0chiy50 ea | |
| 101 | 1 | @achi@ceng |
| 102 | @aCN@b310000 | |
| 105 | @ay z 000yy | |
| 200 | 1 | @a我的教育信条@9wo de jiao yo shen tiao@dMy pedagogic creed@f(美)杜威著@g罗德红,杨小微编译@zeng |
| 210 | @a上海@c华东师范大学出版社@d2015 | |
| 215 | @a230页@d22cm | |
| 330 | @a本书以杜威的名篇《我的教育信条》命名,分为教育心理、教育哲学、教育实验三个板块,既着意澄清了人们关于一些心理现象的误解及相关概念的误用,又表达了杜威关于教育学的核心主张和儿童研究的重要观点,还介绍了杜威任职于芝加哥大学期间所进行的富有创意的学校实验。 | |
| 510 | 1 | @aMy pedagogic creed@zeng |
| 600 | 0 | @a杜威@c(Dewey, John@f1859-1952)@x教育思想 |
| 690 | @aG40-097.12@v5 | |
| 690 | @aG40@v4 | |
| 701 | 0 | @c(美)@a杜威@9du wei@c(Dewey, John@f1859-1952)@4著 |
| 702 | 0 | @a罗德红@9luo de hong@c(女)@4编译 |
| 702 | 0 | @a杨小微@9yang xiao wei@f(1954-)@4编译 |
| 801 | 0 | @aCN@b91MARC@c20150712 |
| 905 | @aZUCC@dG40@e96 | |
| 我的教育信条=My pedagogic creed/(美)杜威著/罗德红,杨小微编译.-上海:华东师范大学出版社,2015 |
| 230页;22cm |
| ISBN 978-7-5675-3041-6:CNY35.00 |
| 本书以杜威的名篇《我的教育信条》命名,分为教育心理、教育哲学、教育实验三个板块,既着意澄清了人们关于一些心理现象的误解及相关概念的误用,又表达了杜威关于教育学的核心主张和儿童研究的重要观点,还介绍了杜威任职于芝加哥大学期间所进行的富有创意的学校实验。 |
| ● |
| 相关链接 |
|
|
|
正题名:我的教育信条
索取号:G40/96
 
预约/预借
| 序号 | 登录号 | 条形码 | 馆藏地/架位号 | 状态 | 备注 |
| 1 | 2000886070 | 2000886070 | 第二书库/ [索取号:G40/96] | 在馆 | |
| 2 | 2000886071 | 2000886071 | 第二书库/ [索取号:G40/96] | 在馆 | |
| 3 | 2000886072 | 2000886072 | 第二书库/ [索取号:G40/96] | 在馆 |